| 000 | 00812pam a2200301 a 4500 | ||
|---|---|---|---|
| 999 |
_c7710 _d7710 |
||
| 001 | 7710 | ||
| 003 | BD - JhCC | ||
| 005 | 20181007084420.0 | ||
| 008 | 181007s1957 enkac j 001 0 eng d | ||
| 035 | _a(BD - JhCC)7710 | ||
| 035 | _a(UkLCURL)99013431577 | ||
| 038 | _aUk | ||
| 040 |
_aStDuBDS _cStDuBDS _dUk _dBD - JhCC |
||
| 041 | _aeng | ||
| 082 | 0 | 4 |
_a688.72 _222 _bBID 2006 |
| 090 | _aBNB | ||
| 100 | 1 | _aMckay, Herbert | |
| 245 | 1 | 0 |
_aToys and inventions / _cHerbert Mckay, |
| 260 |
_aLondon : _bOxford University press, _c1957. |
||
| 300 |
_a176 p. : _bill. ; _c20 cm. |
||
| 490 | 1 | _aEveryday inventions | |
| 500 | _aIncludes index. | ||
| 500 |
_aFormerly CIP. _5Uk |
||
| 650 | 0 |
_aToys _vJuvenile literature. |
|
| 650 | 0 |
_aGames _vJuvenile literature. |
|
| 942 |
_2ddc _cBK |
||